|
|
|
|
| LEADER |
00803cam a2200229 7i4500 |
| 001 |
0000021874 |
| 005 |
20170218090000.0 |
| 008 |
081010 eng |
| 020 |
|
|
|a 9780387228211
|
| 020 |
|
|
|a 0387228217 (hbk)
|
| 040 |
|
|
|a UUM
|
| 090 |
0 |
0 |
|a TS160
|b .K87 2005
|
| 100 |
1 |
|
|a Kumar, Sameer
|
| 245 |
1 |
0 |
|a Parts management models and applications :
|b a supply chain system integration perspective
|c Sameer Kumar.
|
| 260 |
|
|
|a New York, NY:
|b Springer Science,
|c 2005.
|
| 300 |
|
|
|a xi, 222 p.:
|b ill.;
|c 25 cm.
|
| 504 |
|
|
|a Includes bibliographical references and index
|
| 650 |
0 |
0 |
|a Machine parts
|
| 650 |
0 |
0 |
|a Inventory control
|
| 650 |
0 |
0 |
|a Business logistics
|
| 997 |
|
|
|a Engineering, Faculty
|b Engineering, Department
|
| 999 |
|
|
|a 0000032015
|b BOK
|c OPEN SHELF
|e 2nd Floor, Bestari Jaya
|